Soil erosion in the tropics Principles and management

Đã lưu trong:
Bibliografiske detaljer
Hovedforfatter: Rattan Lal
Format: Bog
Sprog:Undetermined
Udgivet: New York McGraw-Hill 1990
Fag:
Tags: Tilføj Tag
Ingen Tags, Vær først til at tagge denne postø!
Thư viện lưu trữ: Trung tâm Học liệu Trường Đại học Cần Thơ
LEADER 00537nam a2200193Ia 4500
001 CTU_12416
008 210402s9999 xx 000 0 und d
082 |a 631.4 
082 |b L193 
100 |a Rattan Lal 
245 0 |a Soil erosion in the tropics 
245 0 |b Principles and management 
245 0 |c Rattan Lal 
260 |a New York 
260 |b McGraw-Hill 
260 |c 1990 
650 |a soil erosion - tropics,soil conservation - tropics 
904 |i Minh, 961113 
980 |a Trung tâm Học liệu Trường Đại học Cần Thơ